| 000 | 00879aas a22001934i 4500 | ||
|---|---|---|---|
| 999 |
_c49666 _d49666 |
||
| 001 | 768714001 | ||
| 003 | CO-MdFUSB | ||
| 005 | 20180410081951.0 | ||
| 008 | 170428s1992 sp ||||| |||| 00| 0 spa d | ||
| 040 |
_aCO-MdFUSB _bspa _cCO-MdFUSB _dCO-MdFUSB |
||
| 041 | _aspa | ||
| 100 | 1 |
_aStewart, Douglas _eautor |
|
| 245 | 1 | 0 | _aPalabras para obreros agotados |
| 300 |
_aVolumen 4, (1992) páginas 51 - 62 _c: 21 cm. |
||
| 520 | _aEl trabajo cristiano puede llevarnos al agotamiento: el agotamiento que, al ser más que sólo cansancio, es profundo y por tanto difícil de tratar. todo trabajo consume nuestras energías. Sin embargo, el trabajo cristiano conlleva dentro de su estructura factores extras que pueden incrementar nuestro agotamiento. | ||
| 650 | 0 |
_919 _aVida cristiana |
|
| 773 | 0 |
_tAndamio _049451 _960452 _gVolumen 4, (1992) páginas 51 - 62 _qPágina 51 |
|
| 942 | _cANA | ||